| 000 | 01264nam a22002535i 4500 | ||
|---|---|---|---|
| 001 | 156501 | ||
| 003 | ES-MaACL | ||
| 005 | 20250930063134.0 | ||
| 008 | 980721s1708 sp |||| | spa d | ||
| 040 |
_aCYL _bspa _cCYL |
||
| 100 | 1 |
_aJulián, Jerónimo, _d1660-1736 _9128395 |
|
| 245 | 1 | 0 |
_aZelo catholico y español, por la religión y por la patria ... _b: sobre el fundamento incontrastable de la Justicia y Derecho del Rey N.S. Phelipe V ... propone las indispensables obligaciones de todos los vasallos para con su Magestad, en diez proposiciones ciertas, fundadas en la mas solida theologìa / _cpor el D. D. Juan Melo y Giron. |
| 260 |
_aEn Valencia : _bpor Antonio Bordazar, _c1708. |
||
| 300 |
_a[4], 192 p. ; _cFol. |
||
| 530 | _aDisponible en formato digital. | ||
| 594 | _aSegún Palau Juan Melo y Giron es seudónimo de Jerónimo Julián. | ||
| 597 | _aSign.:Sign.: [ ]², A-Z², Aa-Zz², Aaa-Bbb². | ||
| 597 | _aPort. con orla tip. | ||
| 597 | _aTexto enmarcado con apostillas marginales. | ||
| 650 | 4 |
_aTeología- _yS.XVIII. _9154567 |
|
| 852 |
_aES-MaACL _jR-1113 _z-- Enc. perg. _xOlim: G-5224 |
||
| 856 |
_uhttp://bdh-rd.bne.es/viewer.vm?id=0000104295&page=1 _zBiblioteca Digital Hispánica |
||
| 999 |
_c156501 _d156501 |
||